La economía de la U.R.S.S. al desnudo / (Record no. 171443)

MARC details
000 -LEADER
campo de control de longitud fija 00597nam a22001935i 4500
001 - NÚMERO DE CONTROL
campo de control 171443
003 - IDENTIFICADOR DE NÚMERO DE CONTROL
campo de control ES-MaACL
005 - FECHA Y HORA DE LA ÚLTIMA TRANSACCIÓN
campo de control 20230906214633.0
008 - DATOS DE LONGITUD FIJA--INFORMACIÓN GENERAL
campo de control de longitud fija 090514s1977 sp |||| | spa d
080 ## - NÚMERO DE LA CLASIFICACIÓN DECIMAL UNIVERSAL
Número de la Clasificación Decimal Universal 338.98(470)
100 1# - ENTRADA PRINCIPAL--NOMBRE DE PERSONA
Nombre de persona Sokoloff, Georges.
9 (RLIN) 140157
245 13 - MENCIÓN DEL TÍTULO
Título La economía de la U.R.S.S. al desnudo /
Mención de responsabilidad, etc. Georges Sokoloff ; [traductor Rodrigo Rama].
250 ## - MENCION DE EDICION
Mención de edición [1ª ed.].
260 ## - PUBLICACIÓN, DISTRIBUCIÓN, ETC.
Lugar de publicación, distribución, etc. [Barcelona] :
Nombre del editor, distribuidor, etc. Dopesa,
Fecha de publicación, distribución, etc. [1977]
300 ## - DESCRIPCIÓN FÍSICA
Extensión 246 p. ;
Dimensiones 24 cm.
651 #4 - PUNTO DE ACCESO ADICIONAL DE MATERIA--NOMBRE GEOGRÁFICO
Nombre geográfico URSS-
Subdivisión general Política económica.
9 (RLIN) 9477
700 1# - ENTRADA AGREGADA--NOMBRE PERSONAL
Nombre de persona Rama, Rodrigo.
9 (RLIN) 140158
852 ## - LOCALIZACIÓN
Ubicación ES-MaACL
Número de control de estantería A-6670
itemnumber R.95530
Holdings
Estatus retirado Estado de pérdida Estado de daño No para préstamo Biblioteca de origen Biblioteca actual Ubicación en estantería Fecha de adquisición Fuente de adquisición Total de préstamos Signatura topográfica completa Código de barras Visto por última vez Precio de reemplazo Tipo de ítem Koha
        Biblioteca del Ateneo de Madrid Biblioteca del Ateneo de Madrid Sala Pecera Planta 1 14/05/2009     A-6670 1179920 23/02/2023 23/02/2023 Libro impreso